000 00695nam a2200253Ia 4500
001 2621
005 20240113233548.0
007 ta
008 050228s1973 g b000 u hin u
040 _aCotton College,Assam
041 _ahin
082 _a891.4309
_bSa 21 P
100 _aSehgal, Manmohan .
245 0 _aPanjab ke Nirgun-Kavya ka Darshanik Adhyayan /
_cManmohan Sehgal.
_hTextual Documents
250 _a1st ed. /
260 _aDelhi :
_bSurya Prakashan ,
_c1973.
300 _a272p. ;
_c26cm.
653 _aHindi literature-Criticism
653 _aHindi poetry-Criticism
653 _aGen-Hindi
942 _2ddc
_cBK
999 _c2614
_d2614